Szczegóły MARC21

Einführung in die Textlinguistik : Strukturen und Verstehen von Texten /

003 -Nazwa inst., której nr kontr. jest w polu 001 [,]
    • @
    • Nazwa instytucji, której n kontrolny jest w polu 001
    • NUKAT
005 -DATA I CZAS OSTATNIEJ MODYFIKACJI [,]
    • @
    • pole kontrolne
    • 20241231115040.0
020 -Międzynarod. znormalizowany nr książki - ISBN [ , ]
    • a
    • Numer ISBN
    • 3770527569 Find
    • q
    • Dopowiedzenie
    • Fink
020 -Międzynarod. znormalizowany nr książki - ISBN [ , ]
    • a
    • Numer ISBN
    • 3825216608 Find
    • q
    • Dopowiedzenie
    • UTB
040 -Instytucja sporządzająca opis [ , ]
    • a
    • Instytucja, która sporządziła opis (NP)
    • WA U/58MCS
    • c
    • Instytucja, która sporządziła rekord (NP)
    • WA U/MCS
    • d
    • Instytucja, która zmodyfikowała rekord (P)
    • WA U/EJ
    • d
    • Instytucja, która zmodyfikowała rekord (P)
    • OLSZT 003/baks
    • d
    • Instytucja, która zmodyfikowała rekord (P)
    • WR U/hb
    • d
    • Instytucja, która zmodyfikowała rekord (P)
    • SZCZ U/JS
942 -Rodzaj dokumentu [ , ]
    • c
    • Rodzaj dokumentu
    • Książka
100 -Hasło główne - nazwa osobowa [1, ]
    • a
    • Nazwa osobowa (NP)
    • Vater, Heinz
    • d
    • Daty biograficzne (NP)
    • (1932-2015).
    • 9
    • KHW
    • 21931
240 -Tytuł ujednolicony [1,0]
    • a
    • Tytuł ujednolicony
    • Einführung in die Textlinguistik
    • l
    • Język tekstu
    • (niem.)
    • 9
    • KHW
    • 417461
245 -Strefa tytułu i oznaczenia odpowiedzialności [1,0]
    • a
    • Tytuł
    • Einführung in die Textlinguistik : Find
    • b
    • Ciąg dalszy tytułu (NP)
    • Strukturen und Verstehen von Texten / Find
    • c
    • Pozostałe elementy strefy tytułu i oznaczenia odpowiedzialności (NP)
    • Heinz Vater.
250 -Strefa wydania [ , ]
    • a
    • Oznaczenie wydania (NP)
    • 3., überarb. Aufl.
260 -Strefa adresu wydawniczego [ , ]
    • a
    • Miejsce wydania (P)
    • München :
    • b
    • Nazwa wydawcy (P)
    • W. Fink Verlag,
    • c
    • Data wydania (P)
    • 2001.
300 -Strefa opisu fizycznego [ , ]
    • a
    • Określenie formy książki i/lub objętość (NP)
    • 221 s. :
    • b
    • Oznaczenie ilustracji (NP)
    • il. ;
    • c
    • Format (NP)
    • 19 cm.
336 -Typ zawartości [ , ]
    • a
    • Termin opisujący typ zawartości
    • Tekst
    • b
    • Kod określający zawartość
    • txt
    • 2
    • Źródło (terminu i kodu)
    • rdacontent
337 -Typ mediów [ , ]
    • a
    • Tryb odtwarzania
    • Bez urządzenia pośredniczącego
    • b
    • Kod typu mediów
    • n
    • 2
    • Źródło (terminu i kodu)
    • rdamedia
338 -Typ/rodzaj nośnika [ , ]
    • a
    • Hasło opisujące typ nośnika
    • Wolumin
    • b
    • Kod typu nośnika
    • nc
    • 2
    • Źródło (terminu i kodu)
    • rdacarrier
490 -Strefa serii i książki wielotomowej - forma nie do wyszukiwania [1, ]
    • a
    • Tytuł (P)
    • UTB für Wissenschaft ; Find
    • v
    • Numeracja (P)
    • 1660
830 -Hasło dodatkowe serii i opisu książki wielotomowej - tytuł ujednolicony/tytuł [ ,0]
    • a
    • Tytuł ujednolicony/tytuł (NP)
    • UTB Uni-Taschenbücher
    • x
    • ISSN
    • 0340-7225
    • v
    • Oznaczenie tomu (NP)
    • 1660
    • 9
    • KHW
    • 15685
504 -Uwaga dot. bibliogr. załącznikowej [ , ]
    • a
    • Uwaga dot. bibliografii załącznikowej
    • Bibliogr. s. 188-215. Indeks.
080 -Uniwersalna Klasyfikacja Dziesiętna [ , ]
    • 2
    • Identyfikator wydania tablic
    • UDC-PO58
    • a
    • Symbol klasyfikacji
    • 801.7
    • b
    • Dopowiedzenie
    • Nauki pomocnicze filologii. Hermeneutyka. Krytyka tekstów. Egzegeza. Tekstologia.
    • x
    • Poddział wspólny
    • (07)
    • b
    • Dopowiedzenie
    • Wydawnictwa dydaktyczne. Podręczniki.
    • x
    • Poddział wspólny
    • =112.2
    • b
    • Dopowiedzenie
    • Język niemiecki (wysokoniemiecki, standardowy niemiecki).
650 -Hasło przedmiotowe [ ,7]
    • a
    • Hasło przedmiotowe
    • Analiza dyskursu.
    • 2
    • Źródło terminu
    • kaba
    • 9
    • KHW
    • 101233
650 -Hasło przedmiotowe [ ,7]
    • a
    • Hasło przedmiotowe
    • Analiza tekstu.
    • 2
    • Źródło terminu
    • kaba
    • 9
    • KHW
    • 144142
980 -Symbol UKD [ , ]
    • a
    • UKD
    • 801.7(07)=112.2
710 -Hasło dodatkowe - nazwa ciała zbiorowego [2, ]
    • a
    • Nazwa ciała zbiorowego lub nazwa geograficzna jako pierwszy element (NP)
    • Wilhelm Fink Verlag.
    • 4
    • Kod relacji
    • pbl
    • 9
    • KHW
    • 57412
920 -ISBN [ , ]
    • a
    • ISBN
    • 3-7705-2756-9 Find
    • q
    • Dopowiedzenie
    • Fink
920 -ISBN [ , ]
    • a
    • ISBN
    • 3-8252-1660-8 Find
    • q
    • Dopowiedzenie
    • UTB
Sygnatura Status udost. Numer inwentarzowy Data inwentaryzacji Lokalizacja
GERM. Lingwistyka tekstu 041G.185152007-11-23BM
Germ. Lingwistyka tekstu 05-3BJM.29502023-11-23BM